Biología aplicada/ (Registro nro. 8885)
[ vista simple ]
| 000 -LEADER | |
|---|---|
| fixed length control field | 00779nam a2200181Ia 4500 |
| 005 - FECHA Y HORA DE LA ÚLTIMA TRANSACCIÓN | |
| control field | 20241203153140.0 |
| 008 - FIXED-LENGTH DATA ELEMENTS--GENERAL INFORMATION | |
| fixed length control field | 230814s9999 xx 000 0 und d |
| 040 ## - CATALOGING SOURCE | |
| Original cataloging agency | UPAN |
| Transcribing agency | Biblioteca San Vicente |
| Description conventions | RCAA2 |
| 041 ## - LANGUAGE CODE | |
| Language code of text/sound track or separate title | spa |
| 082 ## - DEWEY DECIMAL CLASSIFICATION NUMBER | |
| Classification number | 570 |
| Item number | A238b |
| año de publicación | 1990 |
| 100 ## - MAIN ENTRY--PERSONAL NAME | |
| Personal name | Abate, John De |
| Relator code | aut. |
| 245 #0 - TITLE STATEMENT | |
| Title | Biología aplicada/ |
| Remainder of title | John De Abate |
| 260 ## - PUBLICATION, DISTRIBUTION, ETC. (IMPRINT) | |
| Place of publication, distribution, etc | s.l.; |
| Name of publisher, distributor, etc | EUED. |
| 300 ## - PHYSICAL DESCRIPTION | |
| Extent | 347 p.: |
| Dimensions | 21 cm. |
| 505 ## - FORMATTED CONTENTS NOTE | |
| Formatted contents note | Primer Tema: Las moléculas de la vida.<br/>Segundo Tema: Estructura celular.<br/>Tercer Tema: Los procesos metabólicos.<br/>Cuarto Tema: La reproducción.<br/>Quinto Tema: Conceptos básicos de genética.<br/>Sexto Tema: Evolución.<br/>Séptimo Tema: El ambiente: un equilibrio inestable. <br/>Octavo Tema: Los nombres de los seres. |
| 650 ## - SUBJECT ADDED ENTRY--TOPICAL TERM | |
| Source of heading or term | LEMB |
| General subdivision | Biología |
| 942 ## - ADDED ENTRY ELEMENTS (KOHA) | |
| Koha item type | Libros |
| Source of classification or shelving scheme | Dewey Decimal Classification |
| Withdrawn status | Lost status | Source of classification or shelving scheme | Damaged status | Not for loan | Collection code | Home library | Current library | Date acquired | Total Checkouts | Full call number | Barcode | Date last seen | Copy number | Price effective from | Koha item type |
|---|---|---|---|---|---|---|---|---|---|---|---|---|---|---|---|
| Dewey Decimal Classification | Colección General | Biblioteca UPAN San Vicente | Biblioteca UPAN San Vicente | 14/08/2023 | 570 A238b | 12001523 | 14/08/2023 | 01 | 14/08/2023 | Libros |